Padre de Familia lea Usted

Síntesis: En este documento se habla de las intensiones del gobierno de Calles y de la educación socialista y sus consecuencias

Uloženo v:
Podrobná bibliografie
Médium: Kniha
Témata:
Tagy: Přidat tag
Žádné tagy, Buďte první, kdo vytvoří štítek k tomuto záznamu!

MARC

LEADER 00000nam^a2200000^a^4500
001 000250854
005 20250526000000.0
009 20260310105830.918
035 |a R01856 
037 |a Acervo Xavier Clavigero 
082 |a 7.  |b ANO 
245 1 0 |a Padre de Familia lea Usted 
264 |a s/l :  |b Destinatario: Padres de Familia 
300 |a 1 foja, impreso copia, 15.6x27.5cms. 
336 |a texto  |b txt  |2 rdacontenido 
337 |a sin mediación  |b n  |2 rdamedio 
338 |a volumen  |b nc  |2 rdasoporte 
520 |a Síntesis: En este documento se habla de las intensiones del gobierno de Calles y de la educación socialista y sus consecuencias 
598 |a Volante 
598 |a En la biblioteca del ILFC, Guadalajara, Jal. 
649 |a XX 
650 |a Educación y Estado 
650 |a Etica -  |x Estudio y Enseñanza 
600 |a Calles, Plutarco Elías 
910 |a Fondo Jesús Gómez Fregoso S.J. FXC 
920 |a Impresos - Documentos 
930 |a Libros Antiguos y Raros 
940 |a Guerra Cristera 
905 |a 110 
901 |a R01856  |b IT2  |c LRA  |i R01856  |u 20250526 
902 |a https://opac.biblio.iteso.mx/vufind/Record/000250854